<?xml version="1.0" encoding="UTF-8"?><?xml-stylesheet type="text/xsl" href="static/style.xsl"?><OAI-PMH xmlns="http://www.openarchives.org/OAI/2.0/" xmlns:xsi="http://www.w3.org/2001/XMLSchema-instance" xsi:schemaLocation="http://www.openarchives.org/OAI/2.0/ http://www.openarchives.org/OAI/2.0/OAI-PMH.xsd"><responseDate>2026-04-14T17:52:29Z</responseDate><request verb="GetRecord" identifier="oai:uvadoc.uva.es:10324/2008" metadataPrefix="marc">https://uvadoc.uva.es/oai/request</request><GetRecord><record><header><identifier>oai:uvadoc.uva.es:10324/2008</identifier><datestamp>2021-06-29T09:28:05Z</datestamp><setSpec>com_10324_38</setSpec><setSpec>col_10324_852</setSpec></header><metadata><record xmlns="http://www.loc.gov/MARC21/slim" xmlns:doc="http://www.lyncode.com/xoai" xmlns:xsi="http://www.w3.org/2001/XMLSchema-instance" xmlns:dcterms="http://purl.org/dc/terms/" xsi:schemaLocation="http://www.loc.gov/MARC21/slim http://www.loc.gov/standards/marcxml/schema/MARC21slim.xsd">
<leader>00925njm 22002777a 4500</leader>
<datafield tag="042" ind1=" " ind2=" ">
<subfield code="a">dc</subfield>
</datafield>
<datafield tag="720" ind1=" " ind2=" ">
<subfield code="a">Cerezo Pérez, César Julián</subfield>
<subfield code="e">author</subfield>
</datafield>
<datafield tag="260" ind1=" " ind2=" ">
<subfield code="c">2012</subfield>
</datafield>
<datafield tag="520" ind1=" " ind2=" ">
<subfield code="a">En este trabajo se describe y analiza los pasos dados por la UE en materia de empleo, la&#xd;
ejecución y resultados de la Estrategia Europea de Empleo (EEE), en el que se hace&#xd;
referencia a la política de empleo comunitaria impulsada por la UE y en especial a partir&#xd;
de la creación de la EEE en el Proceso de Luxemburgo en 1997, la cual pretende dar&#xd;
respuesta a los cambios que están ocurriendo en el mercado de trabajo de la UE,&#xd;
pasando por la Estrategia de Lisboa hasta la nueva Estrategia UE 2020</subfield>
</datafield>
<datafield tag="024" ind2=" " ind1="8">
<subfield code="a">http://uvadoc.uva.es/handle/10324/2008</subfield>
</datafield>
<datafield ind1=" " ind2=" " tag="653">
<subfield code="a">Países de la Unión Europea-- Política de empleo</subfield>
</datafield>
<datafield ind1=" " ind2=" " tag="653">
<subfield code="a">Creación de empleos (Programas gubernamentales) - Países de la Unión Europea</subfield>
</datafield>
<datafield ind1=" " ind2=" " tag="653">
<subfield code="a">Trabajo, Mercado de - Países de la Unión Europea</subfield>
</datafield>
<datafield tag="245" ind1="0" ind2="0">
<subfield code="a">Estrategia europea de empleo</subfield>
</datafield>
</record></metadata></record></GetRecord></OAI-PMH>